000
00283 a2200145 4500
001
182789
020
_a
040
_c
Magnum
100
_a
Peixoto, Alvarenga
240
1
0
_a
Os sonetos
_l
por
245
1
0
_a
Os sonetos
300
_a
237
697
_a
LITERATURA GERAL
942
_c
BK
999
_c
182789
_d
182789